|
|
|
|
| LEADER |
00984cam a2200277 7i4500 |
| 001 |
0000036186 |
| 005 |
20191129090000.0 |
| 007 |
##ta |
| 008 |
191129t20192019enkab b 001 0 eng d |
| 020 |
# |
# |
|a 9781788210010
|
| 040 |
# |
# |
|a MATR
|
| 090 |
0 |
0 |
|a WESA 330.9536
|b GRA
|
| 100 |
1 |
# |
|a Gray, Matthew,,
|d 1970-
|e author
|
| 245 |
1 |
0 |
|a The Economy of the Gulf States
|c Matthew Gray.
|
| 250 |
0 |
0 |
|a First edition.
|
| 264 |
# |
1 |
|a Newcastle upon Tyne:
|b Agenda Publishing Limited,
|c 2019.
|
| 264 |
# |
4 |
|a ♭2019.
|
| 300 |
# |
# |
|a xvi, 254 pages:
|b illustrations, maps;
|c 21 cm.
|
| 336 |
# |
# |
|a text
|2 rdacontent
|
| 337 |
# |
# |
|a unmediated
|2 rdamedia
|
| 338 |
# |
# |
|a volume
|2 rdacarrier
|
| 504 |
# |
# |
|a Includes bibliographical references (pages 227-246) and index
|
| 651 |
# |
0 |
|a Persian Gulf Region --
|x Economic conditions
|
| 651 |
# |
0 |
|a Persian Gulf Region --
|x Economic policy
|
| 651 |
# |
0 |
|a Persian Gulf Region --
|x Politics and government
|
| 999 |
|
|
|a B000040923
|b Book
|c Regions
|e Business Information Centre
|